Probability and statistics (Record no. 15459)

MARC details
000 -LEADER
fixed length control field 00465nam a2200169Ia 4500
008 - FIXED-LENGTH DATA ELEMENTS--GENERAL INFORMATION
fixed length control field 230917s9999||||xx |||||||||||||| ||und||
020 ## - ISBN
Price RS365
040 ## - CATALOGING SOURCE
-- 227445
Original cataloging agency VIVEKANANDA LIBRARY
041 ## - Language
-- English
082 ## - DDC NUMBER
Classification number 519.2 M969P
100 ## - MAIN ENTRY--PERSONAL NAME
Personal name Murthy, T S R
245 #0 - TITLE STATEMENT
Title Probability and statistics
260 ## - PUBLICATION, DISTRIBUTION, ETC. (IMPRINT)
Place of publication, distribution, etc New Dehi
Name of publisher, distributor, etc I K International Publishing House
Date of publication, distribution, etc 2012
300 ## - PHYSICAL DESCRIPTION
Pages xii, 518 p.
500 ## - GENERAL NOTE
General note 2075 10/08/2015 RBP15/47673 31/08/2015 Main Budget
942 ## - ADDED ENTRY ELEMENTS (KOHA)
Koha item type Books
Holdings
Withdrawn status Lost status Damaged status Not for loan Location (home branch) Sublocation or collection (holding branch) Date acquired Koha issues (times borrowed) Koha full call number Accession No. Koha date last seen Koha item type
        VIVEKANANDA LIBRARY VIVEKANANDA LIBRARY 14/10/2015 2 519.2 M969P 350077 11/03/2026 Books
        VIVEKANANDA LIBRARY VIVEKANANDA LIBRARY 14/10/2015 2 519.2 M969P 350078 29/08/2025 Books
        VIVEKANANDA LIBRARY VIVEKANANDA LIBRARY 14/10/2015 2 519.2 M969P 350079 25/06/2025 Books
        VIVEKANANDA LIBRARY VIVEKANANDA LIBRARY 14/10/2015 2 519.2 M969P 350080 11/11/2024 Books
        VIVEKANANDA LIBRARY VIVEKANANDA LIBRARY 14/10/2015 2 519.2 M969P 350081 28/06/2025 Books
© Designed and Maintained by Vivekananda Library, MDU Rohtak